Normal view
MARC view
Entry Corporate Name
001 - CONTROL NUMBER
- control field: 5120
003 - CONTROL NUMBER IDENTIFIER
- control field: OSt
005 - DATE AND TIME OF LATEST TRANSACTION
- control field: 20110605103727.0
008 - FIXED-LENGTH DATA ELEMENTS
- fixed length control field: 110605|||a|||||| | ||| d
040 ## - CATALOGING SOURCE
- Original cataloging agency: OSt
- Transcribing agency: OSt
110 ## - HEADING--CORPORATE NAME
- Corporate name or jurisdiction name as entry element: Uganda.
- Subordinate unit: Law Reform Commission.
670 ## - SOURCE DATA FOUND
- Source citation: Work cat.: (OSt)2346: Uganda. 554, Reprint of various enactments relating to the courts, evidence, criminal law and criminal and civil procedure /, 2007]
